Famous Ships - Statistics

General Stats
  • This quiz has been taken 25 times
  • The average score is 9 of 20
Answer Stats
Hint Answer % Correct
The most famous Nazi ship named after a former German chancellor. Bismarck
76%
Ship on which the Pilgrims traveled on from London to Plymouth. Mayflower
71%
Largest ship taken by Columbus."Saint Maria." Santa Maria
71%
One of the ships sunk by Germany that got the US in WWI. RMS Lusitania
71%
British ship that sunk in 1912 killing 1,500. RMS Titanic
67%
Fictional ship in Greek mythos used by Jason and other namesake heroes. Argo
62%
One of three ships taken by Columbus to the West Indies in 1492. "The Little Girl." Niña
62%
Fastest of the ships taken by Columbus. First one to see the New World. "The Spotted One." Pinta
57%
Largest ship sunk on the attack on Pearl Harbor in December 1941. USS Arizona
57%
Ship sunk in Havana that sparked the Spanish-American War. USS Maine
52%
Fictional submarine used by Captain Nemo in Jules Verne's Twenty Thousand Leagues Under the Sea. Nautilus
48%
Battleship that the Empire of Japan surrendered on in 1945. USS Missouri
48%
First ironclad ship commissioned by the United States Navy. USS Monitor
48%
First ironclad commissioned by the Confederates. CSS Virginia
33%
Oldest ship still in commission being built in 1765. HMS Victory
33%
Fictional ship commandeered by Captain Barbossa in the Pirates of the Caribbean series. Black Pearl
33%
Famous ship used by Edward Teach, better known as Blackbeard. Queen Anne's Revenge
24%
Fictional ship used by Captain Ahab in the book Moby Dick by Herman Melville. Pequod
10%
Spark of the namesake pledge by Germany in WWI. SS Sussex
5%
First submarine to sink another ship ever. Small part of the Civil War. CSS H.L. Hunley
0%
No matching quizzes found
Score Distribution
Percent of People with Each Score
Percentile by Number Answered
Your Score History
You have not taken this quiz